00429nam a22001457a 450000500170000000800410001702000340005804100130009208200130010510000130011824500510013126000450018230000310022765000250025820231204144926.0231204b |||||||| |||| 00| 0 eng d a9780409003758 ; 9780409003758 aEnglish  a349 JOU  lEnglish  aThe Law of South Africa /cedited by JA Faris  aDurban : bLexisNexis (Pty) Ltd, c2017  bxvi, 538 pages ; c26 cm.  aLegal practice bLaw